Common Ground (Volume 10) (Record no. 89717)
[ view plain ]
| 000 -LEADER | |
|---|---|
| fixed length control field | 01782nam a2200229Ia 4500 |
| 000 - LEADER | |
| fixed length control field | 02236naaa 00277uu |
| 001 - CONTROL NUMBER | |
| control field | https://directory.doabooks.org/handle/20.500.12854/64172 |
| 008 - FIXED-LENGTH DATA ELEMENTS--GENERAL INFORMATION | |
| fixed length control field | 211013s9999 xx 000 0 und d |
| 024 ## - OTHER STANDARD IDENTIFIER | |
| Standard number or code | https://doi.org/10.2867/073860 |
| 042 ## - AUTHENTICATION CODE | |
| Authentication code | dc |
| 100 1# - MAIN ENTRY--PERSONAL NAME | |
| Personal name | de Grey, Spencer |
| 245 #0 - TITLE STATEMENT | |
| Title | Common Ground (Volume 10) |
| 260 ## - PUBLICATION, DISTRIBUTION, ETC. | |
| Name of publisher, distributor, etc. | European Investment Bank |
| Date of publication, distribution, etc. | 2019 |
| 520 ## - SUMMARY, ETC. | |
| Summary, etc. | By 2050, three-quarters of the world's 9.6-billion-strong population will be living in cities - inhabiting vibrant historic cores, commuting from new hinterlands via high-speed transit, or occupying informal urban settlements. Some cities will flourish while others will struggle to meet the demands of a growing population and a changing environment. It will take the collaborative expertise of various disciplines, gathered under the umbrella of good governance, to ensure our cities thrive in the future. Spencer de Grey, Head of Design at Foster + Partners, explores the role that architecture and urban design can play in this global endeavour. This is the tenth essay in the Big Ideas series created by the European Investment Bank. The EIB has invited international thought leaders to write about the most important issues of the day. These essays are a reminder that we need new thinking to protect the environment, promote equality and improve people's lives around the globe. |
| 540 ## - TERMS GOVERNING USE AND REPRODUCTION NOTE | |
| Terms governing use and reproduction | Creative Commons |
| 653 ## - INDEX TERM--UNCONTROLLED | |
| Uncontrolled term | Business & Economics |
| 700 1# - ADDED ENTRY--PERSONAL NAME | |
| Personal name | European Investment Bank |
| 700 1# - ADDED ENTRY--PERSONAL NAME | |
| Personal name | European Investment Bank |
| 856 ## - ELECTRONIC LOCATION AND ACCESS | |
| Uniform Resource Identifier | <a href="https://docs.google.com/spreadsheets/d/1yKIrdCPDAG_9c22mwoOIO2DOhtj65Wqa/edit?usp=sharing&ouid=106555315294820607512&rtpof=true&sd=true ">https://docs.google.com/spreadsheets/d/1yKIrdCPDAG_9c22mwoOIO2DOhtj65Wqa/edit?usp=sharing&ouid=106555315294820607512&rtpof=true&sd=true </a> |
| Link text | List of Curated E-Books |
| 942 ## - ADDED ENTRY ELEMENTS (KOHA) | |
| Koha item type | E-Book |
No items available.